| 000 | 01088cam a22003255a 4500 | ||
|---|---|---|---|
| 999 |
_c22573 _d22573 |
||
| 001 | 80968 | ||
| 003 | OSt | ||
| 005 | 20200518104656.0 | ||
| 008 | 971017s1994 enk b 000 0beng | ||
| 010 | _a 95134607 | ||
| 020 | _a9788187570561 | ||
| 040 |
_aDLC _coclc _dDLC |
||
| 041 | 0 |
_aeng _hara |
|
| 050 | 0 | 0 |
_aG161 _b.H2 |
| 082 |
_a915.042 _bGIB/T |
||
| 100 |
_aGibb, H A R _d1304-1377. _92213 |
||
| 245 | 1 | 4 |
_aThe travels of Ibn Battūta, A.D. 1325-1354 / _cH A R Gibb |
| 260 |
_aNew Delhi: _bGoodword Books, _c2002. |
||
| 300 | _a398p | ||
| 440 | 0 |
_aWorks issued by the Hakluyt Society ; _v2nd ser., no. 178. |
|
| 504 | _aIncludes bibliographical references (p. 979-983). | ||
| 600 | 0 | 0 |
_aIbn Batuta, _d1304-1377. |
| 650 | 0 |
_aHistory & geography _92271 _vIslamic History |
|
| 700 | 1 | _aDefremery, C. | |
| 700 | 1 | _aSanguinetti, B. R. | |
| 700 | 1 |
_aGibb, H. A. R. _q(Hamilton Alexander Rosskeen), _d1895-1971. |
|
| 906 |
_a7 _bibc _corignew _d3 _encip _f19 _gy-gencatlg |
||
| 942 |
_2ddc _cBK _h915.042 _iGIB/T _k915.042 _mGIB/T |
||